Countries Closest to United Kingdom - 15 Second Sprint - Statistics

General Stats
  • This quiz has been taken 61 times
    60 since last reset
  • The average score is 8 of 20
Answer Stats
km country miles % Correct
0 Ireland 0
96%
33 France 21
92%
80 Belgium 50
70%
293 Norway 182
70%
702 Spain 436
68%
103 Netherlands 82
60%
295 Germany 183
57%
783 Iceland 487
43%
685 Sweden 426
43%
516 Denmark 321
40%
872 Portugal 542
32%
337 Luxembourg 210
28%
715 Italy 444
17%
284 Faroe Islands 177
13%
905 Andorra 562
11%
833 Poland 518
11%
718 Austria 446
9%
574 Switzerland 357
6%
732 Liechtenstein 455
2%
758 Czechia 471
0%
No matching quizzes found
Score Distribution
Percent of People with Each Score
Percentile by Number Answered
Your Score History
You have not taken this quiz since the last reset